| 000 | 00590nam a22002052 4500 | ||
|---|---|---|---|
| 001 | 0000024302 | ||
| 005 | 20151217155915.0 | ||
| 008 | 130628s xx 000 0 eng d | ||
| 020 | _a9966469052 : | ||
| 040 |
_aKABU _cKABU |
||
| 100 | 1 |
_aNgugi wa Thiong'o. _@0000152283 |
|
| 245 | 1 | 4 |
_aThe Black hermit / _cNgugi wa Thiong'o. |
| 250 | _a1st ed. | ||
| 260 |
_aNairobi : _bE. A. E. P., _c1968. |
||
| 300 | _aix, 76 p. | ||
| 650 | 0 |
_aKenyan drama (English) _@0000152277 |
|
| 852 | 1 | _9p320 KES | |
| 908 | _a130628 | ||
| 950 | _@1 | ||
| 999 |
_c13925 _d13925 |
||